Principios básicos para la enseñanza de la biología

Salvato in:
Dettagli Bibliografici
Autore principale: Frota-Pessoa, Oswaldo (Autore)
Natura: Libro
Lingua:spagnolo
Pubblicazione: Washington, D.C O.E.A 1967
Serie:Biología, 4
Soggetti:
Tags: Aggiungi Tag
Nessun Tag, puoi essere il primo ad aggiungerne!!

MARC

LEADER 00000nam a2200000 a 4500
001 UCU0522
003 CL-VaPUC
008 960322e19670000US |||||||||||||||||spa|d
082 0 4 |a 570.7  |b FRO  |2 21 
100 0 |a Frota-Pessoa, Oswaldo  |e author  |9 355758 
245 1 0 |a Principios básicos para la enseñanza de la biología 
300 |a 128 p 
942 |c BK 
945 |d 19960322 00:00:00  |a lriquelm 
260 |a Washington, D.C  |b O.E.A  |c 1967 
650 0 |a Biología  |9 262022 
650 0 |a Enseñanza de la biología  |9 338701 
650 0 |a Métodos de enseñanza  |9 270413 
583 |a last modification  |c 19960322 00:00:00  |k Rodrigo Vera 
490 0 |a Biología, 4 
999 |c 245363  |d 245361 
952 |0 0  |1 0  |4 0  |6 570_700000000000000_FRO_1967  |7 0  |8 P  |9 259849  |a BIBEDU  |b BIBEDU  |c BIBEDU_PB  |d 2019-11-19  |i 163609K  |o 570.7 FRO 1967  |p 163609K  |r 2024-01-25  |w 2019-11-19  |y BK  |k EDU